000 01310nam0a2200289 4500
001 RU\NLR\bibl\1689471
005 20250616053945.0
010 _a978-5-88469-435-4
_9150
021 _aRU
_b2010-71482
_94730
035 _a(NLR Aleph) 001680610
090 _a1098869
_c1098869
100 _a20101021d2009 |||y0rusy50 ca
101 0 _arus
102 _aRU
105 _ay |||||||||
200 1 _aПравовое обеспечение деятельности фирмы
_eучебное пособие
_fСадкова И.Е.
_gФедер. агентство по образованию, ГОУ ВПО Уфим. гос. акад. экономики и сервиса
210 _aУфа
_cУфимская государственная академия экономики и сервиса
_d2009
215 _a183 с.
_d20
320 _aБиблиогр.: с. 4-6
606 1 _aФирмы
_jУчебные издания для высших учебных заведений
_xПравовые вопросы
_yРоссийская Федерация
_92200464
_3RU\NLR\auth\661322320
686 _aХ623.012я73
700 1 _aСадкова
_bИ. Е.
_gИнна Евгеньевна
_4070
801 0 _aRU
_bNLR
_c20101021
_gRCR
801 1 _aRU
_bNLR
_c20101021
942 _cBOOK
980 _aNB